স্মৃতিসংগ্রহ / (Record no. 44287)
[ view plain ]
| 000 -LEADER | |
|---|---|
| fixed length control field | 00951nam a2200241 a 4500 |
| 001 - CONTROL NUMBER | |
| control field | 44287 |
| 003 - CONTROL NUMBER IDENTIFIER | |
| rucl marc code | BD-RjUL |
| 005 - DATE AND TIME OF LATEST TRANSACTION | |
| control field | 20211209053830.0 |
| 008 - FIXED-LENGTH DATA ELEMENTS--GENERAL INFORMATION | |
| fixed length control field | 160716s2015 bg ||||| |||| 00| 0 ben d |
| 020 ## - INTERNATIONAL STANDARD BOOK NUMBER | |
| International Standard Book Number | 9847012004869 |
| Terms of availability | : Tk.1200.00 |
| 035 ## - SYSTEM CONTROL NUMBER | |
| System control number | (BD-RjUL)44405 |
| 040 ## - CATALOGING SOURCE | |
| Original cataloging agency | BD-RjUL |
| Language of cataloging | ben |
| Transcribing agency | BD-RjUL |
| Modifying agency | BD-RjUL |
| 041 ## - LANGUAGE CODE | |
| Language code of text/sound track or separate title | ben |
| 082 ## - DEWEY DECIMAL CLASSIFICATION NUMBER | |
| Edition number | 23 |
| Classification number | 891.44308 |
| Author mark and year | KHS 2015 |
| 100 ## - MAIN ENTRY--PERSONAL NAME | |
| Personal name | খাতুন, রাবেয়া |
| 9 (RLIN) | 124189 |
| 245 10 - TITLE STATEMENT | |
| Title | স্মৃতিসংগ্রহ / |
| Remainder of title | রাবেয়া খাতুন, সম্পাদনা আহমদ মাযহার |
| 260 ## - PUBLICATION, DISTRIBUTION, ETC. (IMPRINT) | |
| Place of publication, distribution, etc. | ঢাকা : |
| Name of publisher, distributor, etc. | কথাপ্রকাশ, |
| Date of publication, distribution, etc. | ২০১৫ |
| 300 ## - PHYSICAL DESCRIPTION | |
| Pagination | ৬৮০ পৃ. ; |
| Size | ২৫ সেমি. |
| 650 ## - SUBJECT ADDED ENTRY--TOPICAL TERM | |
| Topical term or geographic name as entry element | বাংলা ছোটগল্প |
| Form subdivision | সংগ্রহ |
| 9 (RLIN) | 135965 |
| Topical term or geographic name as entry element | Bengali Shortstories |
| Form subdivision | Collections |
| 9 (RLIN) | 135966 |
| 700 ## - ADDED ENTRY--PERSONAL NAME | |
| Personal name | মাযহার, আহমদ সম্পাদনা |
| 942 ## - ADDED ENTRY ELEMENTS (KOHA) | |
| Source of classification or shelving scheme | Dewey Decimal Classification |
| Koha item type | Books |
| Lost status | Source of classification or shelving scheme | Damaged status | Not for loan | Collection code | Permanent Location | Current Location | Shelving location | Date acquired | Source of acquisition | Cost, normal purchase price | Total Checkouts | Full call number | Date last seen | Copy number | Koha item type |
|---|---|---|---|---|---|---|---|---|---|---|---|---|---|---|---|
| Dewey Decimal Classification | Non-fiction | Central Library, University of Rajshahi | Central Library, University of Rajshahi | 18/06/2016 | Vidyashagor, Rajshahi | 1200.00 | B 891.44308 KHS 2015 | 16/07/2016 | C-2 | Books |